<?xml version="1.0" encoding="UTF-8"?>
<marc:record xmlns:marc="http://www.loc.gov/MARC21/slim">
   <marc:leader>00000nam a2200000 a 4500</marc:leader>
   <marc:datafield ind1="0" ind2="0" tag="245">
      <marc:subfield code="a">Schlacht in den Wolken</marc:subfield>
   </marc:datafield>
   <marc:datafield ind1=" " ind2="1" tag="264">
      <marc:subfield code="a">Berlin</marc:subfield>
      <marc:subfield code="b">Studiocanal</marc:subfield>
      <marc:subfield code="c">2015</marc:subfield>
   </marc:datafield>
   <marc:datafield ind1="1" ind2=" " tag="520">
      <marc:subfield code="a">Drei Jahre dauert der Erste Weltkrieg bereits und der Luftkrieg über der Westfront fordert die Leben der britischen Jugend in erschreckend hohen Zahlen. Regisseur Jack Gold erzählt die Geschichte um den naiven, jungen College-Absolventen Gresham. Angekommen an der Westfront, ist der Fliegeroffizier bereit für den Luftkampf gegen die Deutschen.</marc:subfield>
   </marc:datafield>
   <marc:datafield ind1=" " ind2=" " tag="020">
      <marc:subfield code="a">4006680074580</marc:subfield>
      <marc:subfield code="9">4006680074580</marc:subfield>
   </marc:datafield>
   <marc:datafield ind1="0" ind2=" " tag="490">
      <marc:subfield code="v">0</marc:subfield>
   </marc:datafield>
   <marc:datafield ind1=" " ind2=" " tag="300">
      <marc:subfield code="a">ca. 110 Min.</marc:subfield>
   </marc:datafield>
</marc:record>
